000 00644nam a22001937a 4500
999 _c190813
_d190813
005 20220805120942.0
010 _aUR-11662
020 _a9789393785145
_c450.00
035 _aU-10217
037 _bDBAD/PUB
_a-
082 _a921
100 _aمنظر حسین
245 _aاقبا ل اور مشرقی مفکرین /
_cمنظر حسین
_hا ر د و
246 _aIqbal aur Mashrequi Mofakkerin /
_bby Manzar Hussain
260 _aNew Delhi
_bEducational Publishing House
_c2022 ء
270 _aH.O.D1/16, Ansari Road, Darya Ganj
_bNew Delhi
_e110002
300 _a356 ص
_c23cm(Hb)
942 _2ddc
_cUR
_h921
_mم ن ظ